Tvorba výrobného programu a príprava výroby záverečná práca

Na minha lista:
Detalhes bibliográficos
Autor principal: Kmeťová, Jana
Autor Corporativo: Vysoká škola ekonomická v Bratislave. Národohospodárska fakulta
Outros Autores: Zelenák, Jozef
Formato: Livro
Idioma:eslovaco
Publicado em: Bratislava 1987
Tags: Adicionar Tag
Sem tags, seja o primeiro a adicionar uma tag!

MARC

LEADER 00000nam a2200000 4500
001 c028154
005 20221219095329.4
041 0 |a slo 
044 |a SK 
245 1 0 |a Tvorba výrobného programu a príprava výroby  |b záverečná práca  |c Jana Kmeťová ; Ved. práce Jozef Zelenák 
264 1 |a Bratislava  |c 1987 
300 |a 49 s. 
100 1 |a Kmeťová, Jana 
700 1 |a Zelenák, Jozef 
710 2 |a Vysoká škola ekonomická v Bratislave. Národohospodárska fakulta